000 03073nam a2200493 a 4500
003 CHAP
005 20250204140049.0
007 cr ||||||a|c|a
008 110217s2011 mx r 00010 spa d
035 _a112196
040 _cCHAP
090 _aTesis
100 1 _aFranco Gaona, Arturo
_942957
245 1 0 _aCambios agro - tecnológicos y migración de retorno en las comunidades del Valle Morelia -Queréndaro, Michoacán, México
_c/por Arturo Franco Gaona; director de tesis Artemio Cruz León.
264 1 _aChapingo, Méx. :
_bEl autor,
_c2011.
300 _a1 recurso en línea (216 páginas) :
_bcuadros, figuras.
336 _2rdacontent
_atexto
_btxt
337 _2rdamedia
_acomputadora
_bc
338 _2rdacarrier
_arecursos en línea
_bcr
502 _aTesis (M.C. de Desarrollo Rural Regional) -- UACH. Dirección de Centros Regionales Universitarios
_bMCDRR
_cDCRU
_d2011.
_gMAE
520 _aSe investigaron los cambios, agrícolas, tecnológicos y poblacionales (emigración y migración de retorno) en tres comunidades del Valle Morelia-Queréndaro (Las Trojes, La Presa y Téjaro), mediante el uso del método del informante clave, apoyado con un cuestionario semi-estructurado. Se encontró que las comunidades datan de la época de las haciendas y poseen una adecuación agro-tecnológica apegada a las condiciones ambientales y fisiográficas de la zona, que va del sistema tradicional, hasta el tecnificado y comercial, dominada por el sistema de riego y el tractor, considerado como el máximo ícono de la tecnificación. Se presenta una alta incidencia emigratoria a nivel familiar con poco retorno. Situación que se originó a consecuencia de la implementación de diferentes programas gubernamentales que modificaron aspectos tecnológicos, agrícolas y poblacionales comunitarios. Los migrantes que retornan a las comunidades, trae consigo nuevas actitudes, conocimientos y tecnologías, que, integradas con las remesas, se están utilizando en la creación de sistemas productivos integrados.
590 _aALEPH
_b10
_c20130110
590 _aBATCH-UPD
_b10
_c20130110
590 _aBATCH-UPD
_b10
_c20130410
590 _aBATCH-UPD
_b10
_c20130914
590 _aBATCH-UPD
_b10
_c20130914
590 _aBATCH-UPD
_b10
_c20140324
590 _aBATCH-UPD
_b10
_c20141002
590 _aCONVERSION
_b10
_c20130109
650 1 4 _aAgricultura tradicional.
_92029
650 1 4 _aAgricultura
_xInnovaciones tecnológicas.
_91565
650 1 4 _aCambio estructural.
_917784
650 1 4 _aComunidades rurales.
_926254
650 1 4 _aEmigración e inmigración.
_936517
650 1 4 _aMichoacán
_xCondiciones rurales.
_975447
700 1 _aCruz León, Artemio
_929466
_eDirector de tesis.
856 _uhttp://10.13.5.2/tesis/112196.pdf
_zDESCARGAR PDF
901 _aBK
942 _cTD
_2Clasificación Universidad Autónoma Chapingo
949 _aTesis
_bBC
_cTES
_d33724002230801
_eTS1
_gDonaciØn
_h51983
_i112196
_st
949 _aTesis
_bBC
_cTES
_d33724002230842
_eTS2
_fc.2
_gDonaciØn
_h51984
_i112196
_st
999 _c100536
_d100536